01268 2200385 4500001002100000005001500021035002000036007000300056008004100059040002200100100002500122245016900147300003700316020002200353082001400375084001600389090002200405264005000427336002100477337003000498338002300528650002600551700003200577700002200609700002700631700003400658700002500692700003000717700002800747700002900775850001200804999002200816990002200838990002200860INLIS00000000087727320230403102924 a0010-0323000540ta230316b2023 xx a g ind d aYOPDYOGbinderda aSupriyadiePengarang10aSi pemuda di dunia dewasa /cSupriyadi, Ariq Al Ghiffari, Antika, Eka Lestari, Maulana M. Ibrahim, Nurhasana, Rizka Febriani, Alif Fadhila; penyunting, Harun Tsaqif ax, 98 halaman :bgambar ;c19 cm a978-623-261-554-004223a155.6 a155.6 SUP s aCB-D.11 2023-010531aBantul :bSamudra Biru (Anggota IKAPI),c2023 2rdacontentateks 2rdamediaatanpa perantara 2rdacarrieravolume04aPsikoogi orang dewasa0 aAriq Al GhiffariePengarang0 aAntikaePengarang0 aEka LestariePengarang0 aMaulana M. IbrahimePengarang0 aNurhasanaePengarang0 aRizka FebrianiePengarang0 aAlif FadhilaePengarang0 aHarun TsaqifePenyunting aYOPDYOG aCB-D.11/2023-0105 aCB-D.11/2023-1015 aCB-D.11/2023-0105